Henri de Toulouse-Lautrec, 1864-1901: el teatro de la vida

Saved in:
Bibliografiske detaljer
Hovedforfatter: Arnold, Matthias (Author)
Format: Bog
Sprog:spansk
Udgivet: Colonia Taschen 2005
Fag:
Tags: Tilføj Tag
Ingen Tags, Vær først til at tagge denne postø!

MARC

LEADER 00000nam a2200000 a 4500
001 UCG7095
003 CL-VaPUC
008 110617e20050000GW |||||||||||||||||spa|d
020 |a 3822809624 
082 0 4 |a 750  |b ARN  |2 21 
100 0 |a Arnold, Matthias  |e author  |9 557615 
245 1 0 |a Henri de Toulouse-Lautrec, 1864-1901: el teatro de la vida 
300 |a 95 p 
942 |c BK 
945 |d 20110617 00:00:00  |a dcastane 
260 |a Colonia  |b Taschen  |c 2005 
600 0 7 |a TOULOUSE-LAUTREC-MONFA, HENRI-MARIE-RAYMOND DE  |2 CL-VaPUC  |9 557616 
650 0 |a Pintura  |9 265046 
650 0 |a Pintura francesa  |9 266122 
650 0 |a Pintores franceses   |9 340354 
650 7 |a PINTURA MODERNA SIGLO 19  |2 CL-VaPUC  |9 557617 
583 |a last modification  |c 20110617 00:00:00  |k Rodrigo Vera 
999 |c 345160  |d 345158 
952 |0 0  |1 0  |4 0  |6 750_000000000000000_ARN_2005  |7 0  |8 C  |9 443629  |a BIBCUR  |b BIBCUR  |d 2019-11-22  |i 4784979  |o 750 ARN 2005  |p 4784979  |r 2025-04-22  |w 2019-11-22  |y BK  |k CAC